Neravenstva teorija mažorizacii i jeje priloženija
Salvato in:
| Autore principale: | |
|---|---|
| Altri autori: | |
| Natura: | Libro |
| Lingua: | russo |
| Pubblicazione: |
Moskva
Mir
1983
|
| Tags: |
Nessun Tag, puoi essere il primo ad aggiungerne!!
|
MARC
| LEADER | 00000nam a2200000 4500 | ||
|---|---|---|---|
| 001 | c116738 | ||
| 005 | 20240912070825.5 | ||
| 041 | 0 | |a rus | |
| 044 | |a RU | ||
| 245 | 1 | 0 | |a Neravenstva |b teorija mažorizacii i jeje priloženija |c Albert W. Marshall, Ingram Olkin ; [Perevod s anglijskogo G.P. Gavrilova] |
| 264 | 1 | |a Moskva |b Mir |c 1983 | |
| 300 | |a 574 s. | ||
| 100 | 1 | |a Marshall, Albert W. | |
| 700 | 1 | |a Olkin, Ingram | |